Procesné riadenie nákladov v banke a jeho význam pre banku diplomová práca

Guardado en:
Detalles Bibliográficos
Autor principal: Krpelanová, Viktória
Autor Corporativo: Národohospodárska fakulta EU. Katedra bankovníctva a medzinárodných financií
Otros Autores: Vovk, Martin, 1976-
Formato: Libro
Lenguaje:eslovaco
Publicado: Bratislava 2012
Etiquetas: Agregar Etiqueta
Sin Etiquetas, Sea el primero en etiquetar este registro!

MARC

LEADER 00000nbm a2200000 4500
001 0153501
005 20161109102118.2
041 0 |a slo 
044 |a SK 
245 1 0 |a Procesné riadenie nákladov v banke a jeho význam pre banku  |b diplomová práca  |c Viktória Krpelanová ; školiteľ: Martin Vovk 
264 1 |a Bratislava  |c 2012 
300 |a 74 s. 
100 1 |a Krpelanová, Viktória 
700 1 |a Vovk, Martin, 1976- 
710 2 |a Národohospodárska fakulta EU. Katedra bankovníctva a medzinárodných financií